| 000 | 00982nam a2200289 a 4500 | ||
|---|---|---|---|
| 001 | 000009493 | ||
| 003 | DO-SdBNP | ||
| 005 | 20240412074211.0 | ||
| 008 | 090930s2001 dr 000 p spa d | ||
| 020 | _a9945852515 | ||
| 040 |
_aDO-SdBNP _bspa _cBNPHU |
||
| 082 |
_aRD861.44 _bA452p |
||
| 100 | 1 |
_aAlmonte, Francisco _924304 |
|
| 245 | 1 | 0 |
_aPoemas de amor y sexo de Manuel del Cabral : _banálisis estilístico / _cFrancisco Almonte. |
| 260 |
_aSanto Domingo : _bSomos literatura, _c2001. |
||
| 300 |
_a286 p. : _bgráf. ; _c21 cm. |
||
| 500 | _aIncluye notas al pie de las páginas | ||
| 590 | _aInventariado, 2018/VM | ||
| 600 | 1 | 0 |
_aCabral, Manuel del, _d1907-1999 _xCrítica e interpretación _923556 |
| 650 | 0 |
_aPoesía dominicana _966 |
|
| 650 | 4 |
_aSexo en literatura _924306 |
|
| 650 | 4 |
_aAmor en literatura _924307 |
|
| 650 | 0 |
_aLiteratura dominicana. _967 |
|
| 700 | 1 |
_aAlmonte, Francisco _924304 |
|
| 910 | _aValidado. Control de calidad BNPHU | ||
| 942 |
_2ddc _cLBS1 |
||
| 999 |
_c9253 _d9253 |
||